000 01579nam0a2200373 4500
001 RU\NLR\BIBL_A\012047850
005 20190718164119.0
010 _a978-5-907172-14-2
021 _aRU
_bКН-П-19-040478
_9КН-П-19-2970
021 _aRU
_bКН-П-19-040478
_9КН-П-19-6839
035 _a(NLR Aleph) 012047850
035 _a(RuMoRGB)009998318
090 _a11635465
_c11635465
100 _a20190627d2019 k y0rusy50 ca
101 0 _arus
102 _aRU
105 _ay|||zzzz0|1yd
200 1 _aСталин. Тайны власти
_e[закулисная борьба внутри сталинского руководства СССР]
_fЮрий Жуков
210 _aМосква
_cКонцептуал
_d2019
215 _a509 с.
_d22
225 1 _aНеизвестные архивы СССР
300 _aНа обороте тит. л. авт.: д. ист. н. Юрий Жуков
320 _aБиблиогр. в подстроч. примеч.
333 _a16+
517 1 _aТайны власти
600 1 _aСталин
_bИ. В.
_f1879 - 1953
_gИосиф Виссарионович
_91004150
_3RU\NLR\AUTH\6663550
686 1 _aТ3(2)7-8
700 1 _7ca
_8rus
_aЖуков
_bЮ. Н.
_cисторик
_f1938-
_gЮрий Николаевич
_916442
_3RU\NLR\AUTH\7733434
702 1 _4570
_7ca
_8rus
_aСталин
_bИ. В.
_f1879-1953
_gИосиф Виссарионович
_9113460
_3RU\NLR\AUTH\773464
942 _cBOOK
980 _aNBR
980 _aNB